G60-沪昆高速公路途径行政区 - Statistics

General Stats
  • This quiz has been taken 21 times
  • The average score is 26 of 31
Answer Stats
Answer % Correct
上海
100%
嘉兴
100%
杭州
100%
绍兴
94%
杭州
89%
绍兴
89%
金华
89%
衢州
89%
上饶
89%
南昌
89%
萍乡
89%
长沙
89%
湘潭
89%
怀化
89%
鹰潭
83%
抚州
83%
宜春
83%
新余
83%
宜春
83%
株洲
83%
娄底
83%
贵阳
83%
邵阳
78%
黔东南州
78%
黔南州
78%
安顺
78%
黔西南州
78%
六盘水
78%
曲靖
78%
昆明
78%
铜仁
67%
No matching quizzes found
Score Distribution
Percent of People with Each Score
Percentile by Number Answered
Your Score History
You have not taken this quiz